Ehe als Sakrament: die Perspektive der katholischen Theologie
| Main Author: | |
|---|---|
| Format: | Print Article |
| Language: | German |
| Check availability: | HBZ Gateway |
| Interlibrary Loan: | Interlibrary Loan for the Fachinformationsdienste (Specialized Information Services in Germany) |
| Published: |
1988
|
| In: |
Die konfessionsverschiedene Ehe
Year: 1988, Pages: 27 - 48 |
| IxTheo Classification: | FA Theology NBP Sacramentology; sacraments |
| Further subjects: | B
Catholic theology
B Ehesakrament B Marriage |
MARC
| LEADER | 00000caa a2200000 c 4500 | ||
|---|---|---|---|
| 001 | 1342959817 | ||
| 003 | DE-627 | ||
| 005 | 20221222204308.0 | ||
| 007 | tu | ||
| 008 | 071011s1988 xx ||||| 00| ||ger c | ||
| 020 | |a 379171175X | ||
| 035 | |a (DE-627)1342959817 | ||
| 035 | |a (DE-576)272959812 | ||
| 035 | |a (DE-599)BSZ272959812 | ||
| 040 | |a DE-627 |b ger |c DE-627 |e rakwb | ||
| 041 | |a ger | ||
| 084 | |a 1 |2 ssgn | ||
| 100 | 1 | |0 (DE-588)121684113 |0 (DE-627)081466110 |0 (DE-576)161420389 |4 aut |a Hilberath, Bernd Jochen |d 1948- | |
| 109 | |a Hilberath, Bernd Jochen 1948- |a Hilberath, B. J. 1948- |a Hilberath, Bernd J. 1948- |a Hilberath, Bernd-J. 1948- |a Hilberath, B. 1948- |a Hilberath, Bernd 1948- |a Hilberath, B.-J. 1948- |a Hil be la teu, Be leun teu Yo hen 1948- |a Hilberath, Bernd-Jochen 1948- |a Hilberath, Jochen 1948- | ||
| 245 | 1 | 0 | |a Ehe als Sakrament |b die Perspektive der katholischen Theologie |c Bernd Jochen Hilberath |
| 264 | 1 | |c 1988 | |
| 336 | |a Text |b txt |2 rdacontent | ||
| 337 | |a ohne Hilfsmittel zu benutzen |b n |2 rdamedia | ||
| 338 | |a Band |b nc |2 rdacarrier | ||
| 601 | |a Sakrament | ||
| 601 | |a Perspektive | ||
| 601 | |a Theologie | ||
| 650 | 0 | 7 | |0 (DE-588)4013630-9 |0 (DE-627)106342541 |0 (DE-576)208904859 |a Ehe |2 gnd |
| 650 | 0 | 7 | |0 (DE-588)4030005-5 |0 (DE-627)104452250 |0 (DE-576)208985212 |a Katholische Theologie |2 gnd |
| 650 | 4 | |a Ehesakrament | |
| 652 | |a FA:NBP | ||
| 773 | 0 | 8 | |i In |t Die konfessionsverschiedene Ehe |d Regensburg : Pustet, 1988 |g (1988), Seite 27 - 48 |h 139 S. |w (DE-627)274551586 |w (DE-576)016790979 |z 379171175X |7 nnam |
| 773 | 1 | 8 | |g year:1988 |g pages:27 - 48 |
| 889 | |w (DE-576)518978133 | ||
| 889 | |w (DE-627)1588978133 | ||
| 935 | |a mteo |a KALD | ||
| 951 | |a AR | ||
| CAN | |a 1 | ||
| ELC | |b 1 | ||
| ITA | |a 1 | ||
| LOK | |0 000 xxxxxcx a22 zn 4500 | ||
| LOK | |0 001 2553066589 | ||
| LOK | |0 003 DE-627 | ||
| LOK | |0 004 1342959817 | ||
| LOK | |0 005 20071011094853 | ||
| LOK | |0 008 071011||||||||||||||||ger||||||| | ||
| LOK | |0 040 |a DE-21-35 |c DE-627 |d DE-21-35 | ||
| LOK | |0 852 |a DE-21-35 | ||
| LOK | |0 852 1 |c Pk 4.027 |m p |9 00 | ||
| LOK | |0 935 |a kneu | ||
| LOK | |0 938 |k p | ||
| LOK | |0 939 |a 11-10-07 |b l01 | ||
| LOK | |0 000 xxxxxcx a22 zn 4500 | ||
| LOK | |0 001 305863840X | ||
| LOK | |0 003 DE-627 | ||
| LOK | |0 004 1342959817 | ||
| LOK | |0 005 20221222204308 | ||
| LOK | |0 008 190311||||||||||||||||ger||||||| | ||
| LOK | |0 035 |a (DE-Tue135-1)76229 | ||
| LOK | |0 040 |a DE-Tue135-1 |c DE-627 |d DE-Tue135-1 | ||
| LOK | |0 852 |a DE-Tue135-1 | ||
| LOK | |0 852 1 |m p |9 00 | ||
| LOK | |0 852 2 |b FTH KR 09-053 KON |9 00 | ||
| LOK | |0 8564 |u https://bibsearch.uibk.ac.at/AC01348796 | ||
| LOK | |0 935 |a iSWA | ||
| LOK | |0 936ln |0 1442044020 |a FA | ||
| LOK | |0 936ln |0 1442052430 |a NBP | ||
| LOK | |0 938 |k p | ||
| LOK | |0 939 |a 11-03-19 |b l01 | ||
| ORI | |a SA-MARC-ixtheoa001.raw | ||
| STA | 0 | 0 | |a Catholic theology,Marriage,Marriage,Marriage in literature,Marital life,Matrimony,Married people,Marriage |
| STB | 0 | 0 | |a Mariage,Mariage,Couples,Psychologie du couple,Théologie catholique |
| STC | 0 | 0 | |a Matrimonio,Matrimonio,Matrimonio,Teología católica |
| STD | 0 | 0 | |a Matrimonio,Matrimonio,Teologia cattolica |
| STE | 0 | 0 | |a 天主教神学,婚姻,婚姻 |
| STF | 0 | 0 | |a 天主教神學,婚姻,婚姻 |
| STG | 0 | 0 | |a Matrimônio,Matrimônio,Teologia católica |
| STH | 0 | 0 | |a Брак,Брак (мотив),Католическое богословие |
| STI | 0 | 0 | |a Γάμος,Γάμος (μοτίβο),Καθολική θεολογία |
| SUB | |a CAN | ||
| SYE | 0 | 0 | |a Eheleben,Ehen |